000 01427cam a22004574i 4500
003 PE-LiUPU
005 20250731184606.0
008 150616s r 000 0 d
035 _a(Sirsi) a7279
040 _aPE-LiUPU
_bspa
_cPE-LiUPU
_erda
049 _aPRUA
082 0 4 _a985.21
_bB23
_221
100 1 _aBarrionuevo, Alfonsina,
_eautor.
245 1 0 _aCartas de Lima.
264 1 _aLima :
_bUniverso,
_c1981.
300 _a224 páginas ;
_c21 cm.
336 _atext
_2rdacontent
337 _aunmediated
_2rdamedia
338 _avolume
_2rdacarrier
505 0 _aCartas escritas por Alfonsina Barrionuevo, acerca de Lima Alfonsina Barrionuevo Cartas.
526 _aP136
526 _aP135
526 _aP134
526 _aP133
526 _aP144
526 _aP143
526 _aP87
526 _aP35
526 _aP20
526 _aP14
526 _aP10
526 _aP06
650 0 4 _aLIMA - DESCRIPCIONES.
910 _ajck
_bjvq
_cjck
942 _2ddc
_cBOOK
949 _a985.21 B23
_wDEWEY
_c1
_i40721
_lCCODEBUL1
_mBUL
_p00.00
_r0
_sY
_tBOOK
_u19960226
_xEDUCACION
_PP20
_0COMPRA
_o.STAFF. Colección General
994 _aC0
_bPEPRU
596 _a1
999 _a985.21 B23
_wDEWEY
_c58504
_i40721
_f2021-11-8
_g4
_lCCODEBUL1
_mBUL
_r0
_sY
_tBOOK
_u2015-6-16
_xBIBLIOTECA
_PP20
_0COMPRA
_o.STAFF. Colección General
_d58504
980 _81
_gALBERTO SANCHEZ Responsable de Automatización